Depot mincí z počátku 17. století ze Starých Prachatic

Titel: Depot mincí z počátku 17. století ze Starých Prachatic
Verfasser:
In: Zlatá stezka, Band 5 (1998), Seite 169-196
alle Artikel anzeigen
Veröffentlicht: 1998
Format: Aufsatz
Sprache: Tschechisch
Kein Bild verfügbar
X
alg: 39299501
001A    $01999:11-11-16 
001B    $01999:06-04-21 $t20:53:00.000 
001C    $06050:19-11-16 $t22:36:37.000 
001D    $01999:11-11-16 
001U    $0utf8 
001X    $00 
002@    $0Aox 
003@    $0392995018 
007A    $0392995018 $aHEB 
007T    $0Herdp13628 
010@    $acze 
011@    $a1998 
021A    $aDepot mincí z počátku 17. století ze Starých Prachatic 
028A    $7139702660 $8Militký, Jiří$Z1969- [Tp3] $9217643116 
031A    $d5 $h169-196 $j1998 
037A    $aněm. res.: Das Münzendepot aus dem Anfang des 17. Jahrhunderts aus Alt-Prachatice 
039B    $aIn $8--Abvc--. Zlatá stezka. - Prachatice, 1994- $x199800000050000831 $9070440182 
045F    $a907.2094371 $eDDC23BSB 
045F/01 $a907.2 
045F/03 $g4371 
045T    $a7,41 

lok: 39299501 78

exp: 39299501 78 1 #EPN
201B/01 $013-06-18 $t22:47:51.000 
201U/01 $0utf8 
203@/01 $0789105322 
208@/01 $a11-11-16 $be 
209A/01 $a/ $f000 $x00 
220C/01 $aTitelaufnehmer: rb 
220C/01 $aHerkunft: HÚ AV ČR Praha 
244Z/01 $#Tschechien $#Tschechische Republik $#Tschechische Republik $#Tschechenland $#Tschechei Tschechien $#Česká Republika $#Czech Republic $#ČR $74303381-7 $8--Tg1--Tschechien $x01 $9086659812 
244Z/01 $2Trx $#Böhmen $#Bohemia $#Czechy $8--Trx--Čechy $x02 $9391188941 
244Z/01 $#Prachatitz $#Město Prachatice $75080575-7 $8--Tg1--Prachatice $x03 $9044935404 
244Z/01 $2Trx $#Altprachatitz $8--Trx--Staré Prachatice$gPrachatice $x04 $9391273337 
244Z/01 $aGeschichte 1979 $x05 
244Z/01 $aGeschichte 1471-1608 $x06 
244Z/01 $2Trx $#mündid ja paberraha $#monetos ir banknotai $#coins and bills $#fémpénzek és papírpénzek $#monety i banknoty $#mince a bankovky $#mince a peníze $#Banknoten $#Papiergeld $#banknoty $8--Trx--Münzen und Papiergeld $x07 $9391361449 
244Z/01 $2Trx $#kirikud hooned $#bažnyčių pastatai $#churches buildings $#templomok épületek $#kościoły budynki $#kostoly budovy $#kostely budovy $8--Trx--Kirchen$gGebäude $x08 $9391363778 
244Z/01 $2Trx $#numismaatika $#numizmatika $#Numismatics $#numizmatika $#numizmatyka $#numizmatika $#numismatika $8--Trx--Numismatik $x09 $9391358715 
244Z/01 $2Trx $8--Trx--Zeitschriftenaufsatz $x10 $9391384341 
245Z/01 $a13.03 $x01 
245Z/01 $a04.07 $x02 
247C/01 $82080>Marburg/Lahn, Herder-Institut, Forschungsbibliothek, Bibliographieportal $9336309341
LEADER 00000caa a22000002c 4500
001 392995018
003 DE-603
005 20210406205300.0
007 tu
008 161111s1998 xx |||| | u00||u|cze c
035 |a (DE-599)HEB392995018 
040 |a DE-603  |b ger  |c DE-603  |d DE-603 
041 |a cze 
082 0 4 |8 1\u  |a 907.2094371  |q DE-101  |2 23/BSB 
084 |a 7,41  |2 ssgn 
085 |8 1\u  |b 907.2 
085 |8 1\u  |z 2  |s 4371 
100 1 |a Militký, Jiří  |d 1969-  |0 (DE-603)217643116  |0 (DE-588)139702660  |2 gnd 
245 0 0 |a Depot mincí z počátku 17. století ze Starých Prachatic 
264 0 |c 1998 
500 |a něm. res.: Das Münzendepot aus dem Anfang des 17. Jahrhunderts aus Alt-Prachatice 
773 0 8 |i In  |t Zlatá stezka  |d Prachatice, 1994-  |g Band 5 (1998), Seite 169-196  |w (DE-603)070440182  |w (DE-600)1344104-8 
924 0 |9 2080  |a (DE-603)789105322  |b DE-2080  |c HES  |d d  |g /